100 most common Irish surnames in Ireland Quiz Stats

 Plays Quiz not verified by Sporcle

Challenge
Share
Tweet
Embed
Score 0/100 Timer 15:00
0 Plays Today
rank name % Correct
1Murphy
86.4%
2Kelly
82.8%
5Smith
82.1%
9Connor
77.2%
6Brien
76.8%
3Sullivan
73.5%
44Donnell
69%
11Reilly
68.4%
8Ryan
67.7%
25Connell
67.6%
4Walsh
66.6%
37Brown
66.4%
12Doyle
65.3%
7Byrne
64.9%
10Neill
64.4%
36Fitzgerald
63.7%
16Kennedy
63.3%
18Murray
62%
95MacDonald
61.9%
50White
59.8%
61Fitzpatrick
58.3%
23Connolly
57.8%
49Shea
57.4%
13McCarthy
57.2%
19Quinn
56.8%
30Collins
54.8%
26Wilson
53.9%
47Boyle
53.9%
17Lynch
53.8%
29Burke
52.6%
65Donnelly
51.9%
20Moore
51.8%
32Clarke
51.5%
15Doherty
50.7%
rank name % Correct
62Leary
49.6%
14Gallagher
49.5%
41Flynn
48.2%
43Callaghan
48.2%
57Brady
46.4%
35Farrell
46.2%
42Thompson
46.2%
24Daly
45.7%
46Mahony
45.7%
68Burns
45.6%
22Carroll
45.2%
31Campbell
45.1%
34Hughes
44.8%
85Keane
44.7%
86King
44.4%
27Dunne
44.3%
76Kenny
44.2%
69Flanagan
43.9%
56Moran
43.7%
28Brennan
43.6%
40Nolan
43.6%
39Maguire
43.3%
98Rourke
43.2%
38Martin
42.8%
45Duffy
42.6%
100Dwyer
42.6%
48Healy
42.5%
78Ward
41%
64MacMahon
40.5%
71Barry
40.3%
79Whelan
39.9%
94MacNamara
39.9%
54Power
39.4%
97Molony
39%
rank name % Correct
73Robinson
38.7%
53Kavanagh
37.6%
66Regan
37.1%
33Johnstone
36.7%
83Higgins
36.7%
81Reid
36.6%
63MacDonnell
36.3%
67Donovan
36%
90Scott
36%
21McLoughlin
35.8%
55McGrath
35.6%
77Sheehan
34.7%
89Bell
34.3%
60Foley
34.2%
59Casey
33.9%
52Hayes
33.4%
74Cunningham
32.9%
96MacDermott
32.9%
87Maher
32.5%
91Hogan
32.1%
58Stewart
32.1%
92Keefe
31.8%
51Sweeney
30.8%
72Kane
29.8%
80Lyons
29.3%
75Griffin
29.2%
88MacKenna
28.8%
70Mullan
28.5%
82Graham
28.5%
84Cullen
26.7%
93Magee
25.8%
99Buckley
25.2%

You're not logged in!

Compare scores with friends on all Sporcle quizzes.
OR
Log In

You Might Also Like...

Show Comments

Extras

Created Mar 12, 2012SourceReportNominate
Tags:100, common, ireland, irish, surname

Top Quizzes Today


Score Distribution

Your Account Isn't Verified!

In order to create a playlist on Sporcle, you need to verify the email address you used during registration. Go to your Sporcle Settings to finish the process.

Report this User

Report this user for behavior that violates our Community Guidelines.

Details: